Central Library OPAC University of Rajshahi

Collected works of Mahatma Gandhi / (Record no. 26749)

MARC details
000 -LEADER
fixed length control field 00829cam a2200253 4500
001 - CONTROL NUMBER
control field 26749
003 - CONTROL NUMBER IDENTIFIER
rucl marc code BD-RjUL
005 - DATE AND TIME OF LATEST TRANSACTION
control field 20211209051049.0
008 - FIXED-LENGTH DATA ELEMENTS--GENERAL INFORMATION
fixed length control field 140323t1969 ii abch 00110 eng
035 ## - SYSTEM CONTROL NUMBER
System control number (BD-RjUL)26820
040 ## - CATALOGING SOURCE
Original cataloging agency DLC
Transcribing agency DLC
Modifying agency m.c.
-- BOS
-- BD-RJUL
Language of cataloging eng
041 ## - LANGUAGE CODE
Language code of text/sound track or separate title eng
082 04 - DEWEY DECIMAL CLASSIFICATION NUMBER
Classification number 954.035092
Author mark and year GAC
100 1# - MAIN ENTRY--PERSONAL NAME
Personal name Gandhi,
Dates associated with a name 1869-1948.
9 (RLIN) 82197
245 00 - TITLE STATEMENT
Title Collected works of Mahatma Gandhi /
Statement of responsibility, etc. Gandhi
Number of part/section of a work Volume-XXXII
260 ## - PUBLICATION, DISTRIBUTION, ETC. (IMPRINT)
Place of publication, distribution, etc. New Delhi :
Name of publisher, distributor, etc. Publications Division, Ministry of Information and Broadcasting, Govt. of India,
Date of publication, distribution, etc. 1969.
300 ## - PHYSICAL DESCRIPTION
Pagination V-32 (631 p.) :
Illustrations ill., facsims., maps (part fold.), ports. ;
Size 24 cm.
504 ## - BIBLIOGRAPHY, ETC. NOTE
Bibliography, etc includes index.
650 1# - SUBJECT ADDED ENTRY--TOPICAL TERM
Topical term or geographic name as entry element POLITICAL CONDITIONS
9 (RLIN) 82198
942 ## - ADDED ENTRY ELEMENTS (KOHA)
Source of classification or shelving scheme Dewey Decimal Classification
Koha item type Books
Holdings
Lost status Source of classification or shelving scheme Damaged status Not for loan Collection code Permanent Location Current Location Shelving location Date acquired Source of acquisition Total Checkouts Full call number Date last seen Copy number Koha item type
  Dewey Decimal Classification   Added to bundle Non-fiction Central Library, University of Rajshahi Central Library, University of Rajshahi Reading Room 22/06/1977 Assh high comm. of india   954.035092 GAC V-32 1969 23/03/2014 C-1 Books